00325 2200133 4500001002100000008004100021035002000062245003100082100002100113260001500134082001000149650001200159990002000171INLIS000000000002108 ind  a0010-0824000869 aBERUANG MADU SUKA MENYANYI aMB. RAHIMSYAH AR bKARYA JAYA a398.5 aDongeng a4577/BBTIV/2023